MARC

LEADER 00000nas a2200000 a 4500
001 ssj0002636
003 WaSeSS
005 20200512172242.0
006 m d
007 cr n
008 050822d19892002moufr p s 0 a0eng c
010 |a  2011236505 
022 |a 2377-4800  |y 1044-7385 
035 |a (WaSeSS)ssj0002636 
037 |a 22573/ctt4586v8  |b JSTOR 
040 |a OCLCS  |b eng  |c OCLCS  |d OCLCS  |d TXU  |d CO3  |d OCLCQ  |d NOC  |d AD#  |d OCLCQ  |d COO  |d TEF  |d JSTOR  |d DLC  |d OCLCF  |d OCLCO  |d OCLCQ  |d WaSeSS 
042 |a pcc  |a nsdp 
043 |a n-us--- 
050 1 4 |a HC110.C63  |b A63 
082 0 0 |a 381.34  |2 23 
130 0 |a Advancing the consumer interest (Online) 
222 0 |a Advancing the consumer interest  |b (Online) 
245 1 0 |a Advancing the consumer interest  |h [electronic resource] :  |b ACI /  |c a publication of the American Council on Consumer Interests. 
246 1 |a ACI 
260 |a Columbia, Mo. :  |b American Council on Consumer Interests 
310 |a Semiannual 
362 1 |a Print issues designated v. 1, no. 1 (1989)-v. 13, no. 1-2 (fall 2001/winter 2002). 
506 |a License restrictions may limit access. 
580 |a Absorbed by: Journal of consumer affairs, 2002. 
588 |a Description based on print version record. 
650 0 |a Consumer protection  |z United States  |v Periodicals. 
650 0 |a Consumer education  |z United States  |v Periodicals. 
650 6 |a Consommateurs  |x Protection  |z États-Unis  |v Périodiques. 
650 6 |a Consommateurs  |x Éducation  |z États-Unis  |v Périodiques. 
650 7 |a Consumer education.  |2 fast  |0 (OCoLC)fst00876300 
650 7 |a Consumer protection.  |2 fast  |0 (OCoLC)fst00876358 
651 7 |a United States.  |2 fast  |0 (OCoLC)fst01204155 
655 0 |a Electronic journals. 
710 2 |a American Council on Consumer Interests. 
776 0 8 |i Print version:  |t Advancing the consumer interest  |x 1044-7385  |w (DLC) 93642344  |w (OCoLC)19880349 
785 1 4 |t Journal of consumer affairs  |g 2002  |w (DLC) 2010250804  |w (OCoLC)39082304 
856 4 0 |z Full text available from Research Library: 10/01/2000 to 10/31/2002  |u https://search.proquest.com/publication/33558